• 首页
  • 本馆介绍
  • 公告通知
  • 最新文献
  • 馆藏检索
  • 电子资源
  • 读者导购
  • 参考咨询
  • 我的图书馆
  • 登录
  • 详细信息显示
  • 放入我的书架
  • 预约/预借图书
  • 作者相关作品
  • 分类相关作品
  • 丛书相关作品
  • 出版社相关作品

书目信息

  • 表格格式
  • 工作单格式
  • 卡片格式
题名:
影响孩子一生的一千零一夜
    
 
作者: ;好孩子图书编辑部 选编
分册:  
出版信息: 长春   吉林科学技术出版社  2013
页数: 215页
开本: 22cm
丛书名:
单 册:
中图分类: I371.73
科图分类:
主题词: 民间故事--阿拉伯半岛地区--缩写--作品集
电子资源:
ISBN: 978-7-5384-7108-3
000 01201nam0 2200217 450
001 2367947675
005 20231211185256.75
010    @a978-7-5384-7108-3@dCNY20.00
100    @a20161130d2013 bc y0chiy50 ea
101 0  @achi
102    @aCN@b220000
105    @aa z 000fy
200 1  @a影响孩子一生的一千零一夜@Aying xiang hai zi yi sheng de yi qian ling yi ye@f好孩子图书编辑部选编
210    @a长春@c吉林科学技术出版社@d2013
215    @a215页@c彩图@d22cm
330    @a本书讲述了传说在古代有一个残暴成性的国王, 他每天都要娶一个少女做妻子, 等到第二天的早上却要把她杀死。一天, 宰相的女儿不幸被国王选做了新婚的妻子。这个姑娘不仅长得漂亮, 还非常得聪明。新婚的晚上, 她给国王讲了一个故事, 刚刚讲到最精彩的地方, 天就亮了。为了知道故事后面发生了怎样的情节, 国王只好暂时留下了妻子的性命。就这样, 宰相的女几在以后每一个清晨都把故事在最有趣的时候停下, 而国王也就让她活了下来。一直到一千零一个晚上, 听了许多故事而受到教育的国王终于被感动了, 他成了一个英明的国王, 宰相的女儿也成了受人尊敬的王后。
606 0  @a民间故事@y阿拉伯半岛地区@x缩写@j作品集
690    @aI371.73@v5
711 02 @a好孩子图书编辑部@Ahao hai zi tu shu bian ji bu@4选编
801  0 @aCN@b湖北三新@c20161130
905    @aBZT@dI371.73@e15
    
    影响孩子一生的一千零一夜/好孩子图书编辑部选编.-长春:吉林科学技术出版社,2013
    215页:彩图;22cm
    
    
    ISBN 978-7-5384-7108-3:CNY20.00
    本书讲述了传说在古代有一个残暴成性的国王, 他每天都要娶一个少女做妻子, 等到第二天的早上却要把她杀死。一天, 宰相的女儿不幸被国王选做了新婚的妻子。这个姑娘不仅长得漂亮, 还非常得聪明。新婚的晚上, 她给国王讲了一个故事, 刚刚讲到最精彩的地方, 天就亮了。为了知道故事后面发生了怎样的情节, 国王只好暂时留下了妻子的性命。就这样, 宰相的女几在以后每一个清晨都把故事在最有趣的时候停下, 而国王也就让她活了下来。一直到一千零一个晚上, 听了许多故事而受到教育的国王终于被感动了, 他成了一个英明的国王, 宰相的女儿也成了受人尊敬的王后。
●
相关链接 在五车中查询图书 在当当中查询图书 在豆瓣中查询图书


正题名:影响孩子一生的一千零一夜     索取号:I371.73/15         预约/预借

序号 登录号 条形码 馆藏地/架位号 状态 备注
1 2001443398   2001443398   516书库/ [索取号:I371.73/15] 在馆    
2 2001443399   2001443399   516书库/ [索取号:I371.73/15] 在馆    
3 2001443400   2001443400   516书库/ [索取号:I371.73/15] 在馆    
4 2001443401   2001443401   516书库/ [索取号:I371.73/15] 在馆    
5 2001443402   2001443402   516书库/ [索取号:I371.73/15] 在馆    
6 2001443403   2001443403   516书库/ [索取号:I371.73/15] 在馆    
7 2001443404   2001443404   516书库/ [索取号:I371.73/15] 在馆    
8 2001443405   2001443405   516书库/ [索取号:I371.73/15] 在馆    
9 2001443406   2001443406   516书库/ [索取号:I371.73/15] 在馆    
10 2001443407   2001443407   516书库/ [索取号:I371.73/15] 在馆    
11 2001443408   2001443408   516书库/ [索取号:I371.73/15] 在馆    
12 2001443409   2001443409   516书库/ [索取号:I371.73/15] 在馆    
13 2001443410   2001443410   516书库/ [索取号:I371.73/15] 在馆    
14 2001443411   2001443411   516书库/ [索取号:I371.73/15] 在馆    
15 2001443412   2001443412   516书库/ [索取号:I371.73/15] 在馆    
16 2001443413   2001443413   516书库/ [索取号:I371.73/15] 在馆    
17 2001443414   2001443414   516书库/ [索取号:I371.73/15] 在馆    
18 2001443415   2001443415   516书库/ [索取号:I371.73/15] 在馆    
19 2001443416   2001443416   516书库/ [索取号:I371.73/15] 在馆    
20 2001443417   2001443417   516书库/ [索取号:I371.73/15] 在馆    
21 2001443418   2001443418   516书库/ [索取号:I371.73/15] 在馆    
22 2001443419   2001443419   516书库/ [索取号:I371.73/15] 在馆    
23 2001443420   2001443420   516书库/ [索取号:I371.73/15] 在馆    
24 2001443421   2001443421   516书库/ [索取号:I371.73/15] 在馆    
25 2001443422   2001443422   516书库/ [索取号:I371.73/15] 在馆    
26 2001443423   2001443423   516书库/ [索取号:I371.73/15] 在馆    
27 2001443424   2001443424   516书库/ [索取号:I371.73/15] 在馆    
28 2001443425   2001443425   516书库/ [索取号:I371.73/15] 在馆    
29 2001443426   2001443426   516书库/ [索取号:I371.73/15] 在馆    
山东省滨州职业学院图书馆 欢迎您!
大连网信软件有限公司© 版权所有